| 000 | 00697nam a2200205Ia 4500 | ||
|---|---|---|---|
| 008 | 210417s9999 xx 000 0 und d | ||
| 020 | _a9789351340065 | ||
| 020 | _b9351340066 | ||
| 082 | _a658.45 LES | ||
| 082 | _b22.658.45 LES | ||
| 245 | 0 | _aBusiness communication : making connections in a digital world | |
| 245 | 0 | _cBusiness communication making connections in a digital world | |
| 250 | _a"11th ed., Tata McGraw-Hill ed." | ||
| 250 | _b"xxix, 737 p. : ill. ; 24 cm. ; pbk." | ||
| 260 | _aNew Delhi | ||
| 260 | _bTata McGraw Hill Education | ||
| 260 | _c2013 | ||
| 700 | _a"Lesikar, Raymond V." | ||
| 700 | _b"Raymond V. Lesikar ,Marie E. Flatley, Kathryn Rentz, Neerja Pande." | ||
| 999 |
_c469119 _d469119 |
||